000 00315 a2200121 4500
000 nam a22 7a 4500
005 20260207123221.0
020 _a9789362713728
100 _aAshok Kumar
_91114342
245 _aAn Introduction to Ancient Indian Philosophy
260 _bVenus Publications
_c2024
942 _cTEXL
999 _c1678886
_d1678886